000 02018nam a2200505 c 4500
001 52052
003 ES-MaCES
005 20250526142703.0
007 cr |||||||||||
008 211216s2021 sp 000 | spa d
017 _aNA 1389-2021
_bDL
020 _a9788413904498
020 _a9788413911731(electrónico)
040 _aES-MaCES
_bspa
_cES-MaCES
245 0 0 _aComentarios a la Ley 7/2021, de 20 de mayo, de cambio climático y transición energética
_cAlberto Palomar Olmeda, Ramón Terol Gómez, dirs. ; autores, José Miguel Beltrán Castellanos
250 _a1ª ed
260 _aCizur Menor (Navarra)
_bAranzadi-Thomson Reuters
_c2021
300 _a443 p.
_c24 cm
490 1 _aMonografías Aranzadi
_v1313. Aranzadi Derecho administrativo
500 _aPublicación en formato DÚO (papel + libro ectrónico). Disponible en formato electrónico mediante la aplicación PROVIEW
504 _aBibliografía
541 _cCompra
610 1 4 _940131
_aEspaña
_tLey de cambio climático y transición energética, 2021
650 4 _acambio climático
_930961
650 4 _adesarrollo sostenible
_930785
650 4 _arecursos renovables
_929826
650 4 _aenergía renovable
_930979
650 4 _aplanificación nacional
_927019
650 4 _aplanificación sectorial
_929364
650 4 _adesarrollo económico y social
_929234
650 4 _aEspaña
_926964
650 4 _alegislación económica
_927161
650 4 _a2021
_939925
650 4 _acomentario
_928971
650 4 _arégimen jurídico
_929894
653 1 0 _aDerecho administrativo
700 1 _920295
_aPalomar Olmeda, Alberto
_edir.
700 1 _924798
_aTerol Gómez, Ramón
_edir.
700 1 _940126
_aBeltrán Castellanos, José Miguel
830 0 _aMonografías Aranzadi
_933161
_v1313
830 0 _aMonografías Aranzadi
_933161
_pDerecho administrativo
856 4 _uhttps://legalteca.aranzadilaley.es/my-library?sponsor=82111144-IP
_yLegalteca
902 _aLIB Libro
942 _2CES
_cBK
_h6.0.2.
999 _c52052
_d52052